Slovenské pohľady na literatúru, umenie a vedu

Guardado en:
Detalles Bibliográficos
Formato: Seriadas
Lenguaje:eslovaco
Publicado: Martin Matica slovenská
Etiquetas: Agregar Etiqueta
Sin Etiquetas, Sea el primero en etiquetar este registro!

MARC

LEADER 00000nas1a2200000 4500
001 0305067
005 20241113084601.3
022 |a 1335-7786 
041 0 |a slo 
044 |a SK 
245 1 0 |a Slovenské pohľady  |b na literatúru, umenie a vedu 
264 1 |a Martin  |b Matica slovenská